| 000 | 00468nam a2200157 i 4500 | ||
|---|---|---|---|
| 001 | 157697 | ||
| 003 | ES-MaACL | ||
| 005 | 20230906210820.0 | ||
| 008 | 000111s1860 fr |||| | fre d | ||
| 040 |
_aCCPB | B _bspa _cCCPB | B |
||
| 245 | 0 | 3 | _aLa Liberté religieuse et la législation actuelle. |
| 260 |
_aParis : _bH. Dumineray, éditeur, _c1860. |
||
| 300 |
_a244 p. ; _c18 cm. |
||
| 650 | 4 |
_aLibertad religiosa. _914416 |
|
| 852 |
_aES-MaACL _jD-3529 _z-- Rust. |
||
| 999 |
_c157697 _d157697 |
||